000 01813nam0a2200313 i 4500
001 RU\NLR\BIBL_A\011011179
005 20260408153909.0
010 _a9785737911168
_9100
021 _aRU
_b2016-14311
_9924
035 _a(NILC)RuMoRGB-008155031
035 _a(NLR Aleph) 011011179
090 _a11024504
_c11024504
100 _a20160317d2015 km y0rusy50 ca
101 0 _arus
102 _aRU
105 _aa|||j|||000yy
200 1 _aРазработка сложных программных комплексов в автоматизированных системах управления
_eучебное пособие по курсу Теория массового обслуживания для студентов, обучающихся по направлению Основы теории радиолокационных систем и комплексов по профилю Радиолокационные системы и комплексы
_fВ. М. Коротун
_gМ-во образования и науки Российской Федерации, Московский гос. ун-т информ. технологий, радиотехники и электроники (МИРЭА)
210 _aМосква
_cМИРЭА
_d2015
215 _a83, [1] с.
_cил.
_d21
320 _aБиблиогр.: с. 83 (8 назв.)
606 _aАСУ
_jУчебные издания для высших учебных заведений
_xПрограммное обеспечение
_91031356
_3RU\NLR\AUTH\6677905
675 _a681.5
686 1 _aЗ986-02я73-1
700 1 _aКоротун
_bВ. М.
_gВладимир Михайлович
801 0 _aRU
_bРГБ
_c20160220
_gRCR
942 _cBOOK
980 _aNBR